Province confinanti meno popolose - Quiz n°2 - Statistics

Statistiche generali
  • Questo quiz è stato fatto 4 volte
  • Il punteggio medio è 9 su 11
Statistiche sulle risposte
Provincia Provincia confinante meno popolosa % Corretto
Crotone Catanzaro
100%
Cosenza Crotone
100%
Catania Enna
100%
Oristano Nuoro
100%
Imperia Savona
100%
Arezzo Siena
100%
Reggio Calabria Vibo Valentia
100%
Piacenza Lodi
75%
Firenze Prato
75%
Forlì-Cesena Arezzo
25%
Perugia Rieti
25%
Nessun quiz corrispondente trovato
Distribuzione punteggi
Percentuale di utenti per punteggio
Percentile per numero di risposta
I tuoi punteggi nel tempo
Non hai fatto questo quiz